Name the top 200 European football teams - Statistics

General Stats
  • This quiz has been taken 64 times
  • The average score is 63 of 200
Answer Stats
Hint Answer % Correct
Spain Real Madrid
97%
England Arsenal
81%
Spain Barcelona
81%
Italy Inter
80%
Italy Juventus
76%
England Liverpool
76%
England Chelsea
75%
Italy Milan
75%
Germany Dortmund
71%
England Man City
71%
England Aston Villa
69%
Spain Atletico Madrid
69%
Italy Roma
69%
England Man United
68%
Netherlands Ajax
66%
Portugal Porto
66%
France PSG
66%
Germany Leverkusen
63%
France Lyon
63%
Italy Napoli
63%
Spain Real Betis
61%
Portugal Benfica
59%
France Marseille
59%
Scotland Celtic
58%
Germany Leipzig
58%
Greece Olympiacos
58%
Scotland Rangers
58%
Spain Sevilla
58%
Germany Bayern München
56%
Ukraine Dynamo Kyiv
56%
Turkiye Galatasaray
56%
Italy Lazio
56%
Netherlands PSV
56%
Belgium Anderlecht
54%
Netherlands Feyenoord
54%
France Monaco
54%
England Tottenham
54%
Spain Villarreal
54%
Greece PAOK
53%
Italy Atalanta
51%
Belgium Club Brugge
51%
England Newcastle
51%
Greece Panathinaikos
51%
Portugal Braga
49%
France Lille
49%
Spain Real Sociedad
49%
Turkiye Besiktas
47%
Italy Fiorentina
47%
Germany Stuttgart
47%
England West Ham
47%
Norway Bodo/Glimt
46%
England Brighton
46%
Denmark Copenhagen
46%
Turkiye Fenerbahce
46%
Austria Salzburg
46%
Germany Wolfsburg
46%
Switzerland Young Boys
46%
Italy Bologna
44%
Germany Frankfurt
44%
Belgium Genk
44%
Belgium Gent
44%
France Lens
42%
England Nottingham Forest
42%
Azerbaijan Qarabag
42%
Greece AEK Athens
41%
Switzerland Basel
41%
Spain Celta Vigo
41%
France Nice
41%
Ukraine Shakhtar
41%
Hungary Ferencvaros
39%
Spain Girona
39%
Germany Hoffenheim
39%
Israel Maccabi Tel Aviv
39%
Norway Molde
39%
Russia Zenit
39%
Poland Lech Poznan
37%
France Nantes
37%
Germany Union Berlin
37%
Scotland Aberdeen
36%
Belgium Antwerp
36%
Cyprus APOEL
36%
Kazakhstan Astana
36%
Netherlands AZ Alkmaar
36%
England Crystal Palace
36%
Slovakia Slovan Bratislava
36%
France Toulouse
36%
Croatia Dinamo Zagreb
34%
Finland HJK
34%
Germany Monchengladbach
34%
Netherlands Utrecht
34%
Germany Freiburg
32%
England Leicester
32%
Cyprus Pafos
32%
Moldova Sheriff
32%
France Strasbourg
32%
Netherlands Twente
32%
Spain Athletic Club
31%
Romania FCSB
31%
Israel Maccabi Haifa
31%
Spain Osasuna
31%
Serbia Partizan
31%
Austria Sturm Graz
31%
Turkiye Trabzonspor
31%
Czechia Viktoria Plzen
31%
Denmark Brondby
29%
Croatia Hajduk Split
29%
Germany Mainz
29%
Turkiye Basaksehir
27%
Scotland Hearts
27%
Bulgaria Ludogorets
27%
Denmark Midtjylland
27%
Spain Rayo Vallecano
27%
Norway Rosenborg
27%
Czechia Slavia Praha
27%
Czechia Sparta Praha
27%
Portugal Sporting CP
27%
Greece Aris
25%
Austria Austria Wien
25%
France Brest
25%
Serbia Crvena Zvezda
24%
Kazakhstan Kairat Almaty
24%
Austria LASK
24%
Slovenia Maribor
24%
Ireland Shamrock Rovers
20%
Cyprus AEK Larnaca
19%
Gibraltar Lincoln Red Imps
19%
Croatia Rijeka
19%
Norway Viking
19%
Sweden Djurgården
17%
Switzerland Lugano
17%
Poland Rakow
17%
Latvia Riga
17%
Turkiye Samsunspor
17%
Belgium Charleroi
15%
Sweden Hacken
15%
Poland Jagiellonia
15%
Netherlands Vitesse
15%
Norway Brann
14%
Sweden Elfsborg
14%
Netherlands Go Ahead Eagles
14%
Germany Heidenheim
14%
Finland KuPS
14%
Sweden Malmö FF
14%
Latvia RFS
14%
Portugal Santa Clara
14%
Turkiye Sivasspor
14%
Wales The New Saints
14%
Liechtenstein Vaduz
14%
Iceland Breidablik
12%
Slovenia Celje
12%
Kosovo Drita
12%
Malta Hamrun Spartans
12%
Northern Ireland Linfield
12%
Armenia Noah
12%
Lithuania Zalgiris
12%
Portugal Arouca
10%
Kosovo Ballkani
10%
Belgium Cercle Brugge
10%
Romania CFR Cluj
10%
Poland Legia Warszawa
10%
Switzerland Servette
10%
Belgium Union SG
10%
Bosnia And Herzegovina Zrinjski
10%
Northern Ireland Larne
8%
North Macedonia Shkendija
8%
Czechia Sigma Olomouc
8%
Ireland St Patricks
8%
Iceland Vikingur
8%
Cyprus Aris Limassol
7%
Bosnia And Herzegovina Borac Banja Luka
7%
Estonia Flora Tallinn
7%
Faroe Islands Klaksvik
7%
Slovenia Olimpija
7%
Denmark Silkeborg
7%
Slovakia Spartak Trnava
7%
France Stade Rennais
7%
Serbia TSC
7%
Portugal Vitoria SC
7%
Ukraine Zorya Luhansk
7%
Czechia Banik Ostrava
5%
Norway Fredrikstad
5%
Moldova Petrocub
5%
Israel Beer-Sheva
3%
Ukraine Dnipro-1
3%
Switzerland Lausanne-Sport
3%
Moldova Milsami
3%
Czechia Mlada Boleslav
3%
Cyprus Omonoia
3%
Albania Partizani
3%
Armenia Pyunik
3%
Austria SK Rapid
3%
Russia Spartak Moskva
3%
Kazakhstan Tobol
3%
Montenegro Buducnost
2%
Luxembourg Diddeleng
2%
Andorra Inter Escaldes
2%
Estonia Levadia Tallinn
2%
Croatia Osijek
2%
Estonia Paide
2%
Romania Univ Craiova
2%
No matching quizzes found
Score Distribution
Percent of People with Each Score
Percentile by Number Answered
Your Score History
You have not taken this quiz